| 000 | 00468nam a2200193Ia 4500 | ||
|---|---|---|---|
| 008 | 130318s9999 xx 000 0 und d | ||
| 020 | _a8120312880 | ||
| 082 | _a658.8342 SCH/C | ||
| 100 | _aSchiffman, Leon G. | ||
| 245 | _aConsumer behavior | ||
| 250 | _a6 | ||
| 260 |
_bPHI Learning _aNew Delhi _c2000 |
||
| 300 | _a672 | ||
| 650 | _aCONSUMER BEHAVIOR | ||
| 650 | _aCONSUMER RESEARCH | ||
| 650 | _aMARKET RESERACH | ||
| 700 | _aKanuk, Lazar | ||
| 700 | _aLeslie | ||
| 999 |
_c268 _d268 |
||